[Event "Teplice Open 2017"]
[Site "Teplice"]
[Date "2017.06.11"]
[Round "2"]
[White "Cajbel Maciej F"]
[Black "Babula Vlastimil F"]
[Result "1/2-1/2"]
[WhiteElo "2190"]
[BlackElo "2552"]
[Annotator "TA"]
[PlyCount "58"]
[EventDate "2017.??.??"]
[EventCountry "CZE"]
[SourceTitle "playchess.com"]
[Source "ChessBase"]
[SourceQuality "1"]

{[%evp 9,58,27,32,15,30,21,22,20,29,0,13,0,0,0,0,0,25,0,0,0,8,11,16,-18,-32,-27,-35,-45,-25,-33,0,0,0,0,0,0,0,0,0,0,12,14,9,15,24,18,11,0,0,0,29]} 1. e4 c5 2. Nf3 e6 3. d4 cxd4 4. Nxd4 a6 5. Nc3 Qc7 6. Qd3 {B43: Sicilian: Kan Variation: 5 Nc3} (6. Bd3 Nf6 7. f4 d6 8. O-O Nbd7 9. Kh1 b5 10. Qe2 Bb7 11. Bd2 Be7 12. b4 O-O 13. a4 bxa4 14. Nxa4 d5 15. e5 Ne4 16. Be1 Nb6 17. Nb2 Rfd8 18. Qe3 Rac8 19. c4 Nd2 20. Bxd2 dxc4 {0-1 (39) Degraeve,J (2592)-Van Wely,L (2663) Chartres 2017}) 6... Nf6 7. Bd2 b5 8. Qg3 d6 {Threatening ...b4.} 9. a3 Bb7 10. Bd3 Nbd7 11. O-O Ne5 $146 ({Predecessor:} 11... h5 12. Rae1 Ne5 13. Nf3 Nfd7 14. Nxe5 dxe5 {0-1 (58) Zeng,C (2536)-Wang,C (2505) Xinghua 2017}) 12. Rae1 Be7 13. Kh1 O-O 14. f4 Nxd3 15. cxd3 Kh8 16. e5 dxe5 17. fxe5 Nd7 18. Bg5 Bxg5 19. Qxg5 Nc5 20. Re3 Qd8 21. Qg4 f5 22. exf6 $1 $40 {[%mdl 128] White attacks.} Rxf6 23. Rxf6 Qxf6 {[%cal Rf6f1] [#]} 24. Nf3 Bxf3 (24... e5 $5) 25. Rxf3 Qe5 {( -> ...Qe1+)} 26. h3 Qe1+ 27. Kh2 {[#] Hoping for Qd4.} Qe5+ {The position is equal.} 28. Kh1 Qe1+ 29. Kh2 {Strongly threatening Qd4.} Qe5+ {Precision: White = 51%, Black = 76%.} 1/2-1/2

[Event "Teplice Open 2017"]
[Site "Teplice"]
[Date "2017.06.11"]
[Round "2"]
[White "Schmidt, Tommy B"]
[Black "Zakhartsov, Viacheslav V"]
[Result "0-1"]
[WhiteElo "2187"]
[BlackElo "2544"]
[Annotator "TA"]
[PlyCount "84"]
[EventDate "2017.??.??"]
[EventCountry "CZE"]
[SourceTitle "playchess.com"]
[Source "ChessBase"]
[SourceQuality "1"]

{[%evp 21,84,-17,0,0,0,-18,0,-79,-52,-68,-30,-61,-22,-70,-59,-54,22,-53,0,0,0,-25,0,0,0,-20,-12,-52,0,-69,-34,-76,-36,-60,-81,-62,-60,-120,-66,-86,0,-118,-119,-125,-141,-227,-170,-420,-271,-275,-268,-268,-258,-293,-302,-424,-424,-919,-903,-881,-864,-2900,-2755,-29972,-12829]} 1. Nf3 g6 2. g3 Bg7 3. Bg2 c5 4. c4 Nc6 5. Nc3 e6 6. O-O Nge7 7. a3 d5 8. Rb1 O-O 9. d3 b6 10. Bd2 Bb7 11. cxd5 exd5 12. b4 {A37: Symmetrical English vs ...g6: 4 Bg2 Bg7 5 Nf3} cxb4 (12... c4 13. dxc4 dxc4 14. Qc1 Nd4 15. Nxd4 Bxg2 16. Kxg2 Qxd4 17. f3 Rac8 18. Rd1 Nd5 19. Nb5 Qe5 {0-1 (35) Voigt,R (2457)-Jirovsky,M (2456) Germany 2015}) 13. axb4 d4 14. Na4 (14. Ne4 $11 {remains equal.}) 14... Nd5 15. b5 Nce7 16. Qb3 Nf5 17. Ng5 $146 ({Predecessor:} 17. Rfc1 Re8 18. Kf1 Qe7 19. Ng1 Qe6 {0-1 (44) Wallrabenstein,U (2089)-Schreiber,K (2059) Germany 2008}) 17... h6 18. Ne4 Nfe7 (18... Rc8 $15) 19. Bc1 (19. Nb2 $11) 19... Re8 (19... Bc8 $15) 20. Ba3 $11 {[#] Black must now prevent Nd6.} Nf5 21. Rfc1 (21. Nec5 $5 bxc5 22. Nxc5 $11) 21... Rc8 22. Rxc8 Qxc8 23. Rc1 (23. Nec5 $5 bxc5 24. Bxd5 Bxd5 25. Qxd5 $11) 23... Qe6 24. Rc2 (24. Nec5 $5 bxc5 25. Nxc5 Qxe2 26. Bxd5 Bxd5 27. Qxd5 $15) 24... Ba8 (24... Rd8 $15) 25. Bh3 (25. Nec5 $11 bxc5 26. Nxc5) 25... Be5 26. Qa2 Rc8 27. Rxc8+ Qxc8 28. Qc4 Qd7 29. Bg2 (29. Qc2 $15) 29... Bg7 (29... Nc7 $17 30. Nb2 Nxb5) 30. Bh3 Be5 31. Bg2 $1 {[#]} Nc7 $1 32. Qb4 Bg7 33. Bh3 (33. Nb2 $17) 33... Qxb5 34. Bxf5 $2 (34. Qxb5 {might work better.} Nxb5 35. Bb4) 34... Qxb4 (34... Qxf5 $2 35. Qe7 $19) 35. Bxb4 {Threatens to win with Bd7.} gxf5 36. Nd2 Nd5 37. Ba3 Nc3 38. Nxc3 (38. Nb2 $142) 38... dxc3 $19 39. Nf1 (39. Nc4 $142 b5 40. Nd6) 39... a5 40. Ne3 b5 {[%cal Bb6b5,Bb5b4,Bb4b3][%mdl 32] And now ...b4 would win.} 41. Nxf5 b4 42. Bc1 b3 {Precision: White = 22%, Black = 62%.} 0-1

[Event "Teplice Open 2017"]
[Site "Teplice"]
[Date "2017.06.11"]
[Round "2"]
[White "Bartos, Jan"]
[Black "Hirneise, Tobias"]
[Result "0-1"]
[WhiteElo "2185"]
[BlackElo "2466"]
[Annotator "TA"]
[PlyCount "74"]
[EventDate "2017.??.??"]
[EventCountry "CZE"]
[SourceTitle "playchess.com"]
[Source "ChessBase"]
[SourceQuality "1"]

{[%evp 23,74,35,37,3,0,0,7,2,0,7,35,28,19,-6,20,26,0,-3,-6,-8,0,-18,-8,-22,-13,-31,-13,-46,-45,-48,0,-250,-133,-512,-224,-339,-329,-400,-244,-300,-295,-340,-344,-577,-570,-29997,-835,-831,-823,-29982,-29982,-29978,-29979]} 1. d4 Nf6 2. Nf3 d5 3. c4 c6 4. cxd5 cxd5 5. Nc3 Nc6 6. Bf4 Nh5 7. Bd2 Nf6 8. Bf4 Nh5 9. Bd2 {D13: Slav Defence: Exchange variation without ...Bf5} e6 10. e3 Nf6 11. Bd3 Bd6 12. O-O O-O {LiveBook: 11 Games} 13. a3 $146 ({Predecessor:} 13. Rc1 Bd7 14. Re1 Rc8 15. h3 a6 16. a3 h6 {½-½ (36) Abasov,N (2505)-Motylev,A (2676) Rhodes 2013}) 13... e5 14. dxe5 Nxe5 15. Nxe5 Bxe5 16. Qc2 h6 17. Ne2 Re8 18. Nd4 Qb6 (18... Ne4 $5) 19. Bc3 Ne4 20. Nf3 Bxc3 21. bxc3 Bd7 22. Nd2 {[%cal Rd2e4]} Nc5 23. Bh7+ Kh8 {Hoping for ...g6.} 24. Bf5 $1 Ba4 25. Qa2 Qf6 26. Bc2 Bc6 27. c4 $2 (27. Qb2 $11 {and White stays safe.}) 27... Rad8 ({Not} 27... dxc4 28. Qxc4 Qg5 29. e4 $15) ({Better is} 27... d4 $19 28. exd4 Qxd4) 28. Rfd1 $2 {[%mdl 8192]} (28. Nb3 $17 {is a better chance.} dxc4 29. Nxc5) 28... dxc4 (28... d4 $142 29. Qb2 Qg5) 29. Nxc4 (29. Nf1 {keeps fighting.} b5 30. Ng3) 29... Bd5 $19 30. a4 {Now Rd4 and White clings on.} Qg5 $40 {[%csl Gd5][%cal Rg5g2][%mdl 128] Black wants a kill.} 31. g3 Qh5 32. Rd4 Qf3 {[%csl Gd5][%cal Rf3h1] [#]} 33. e4 $2 (33. Rxd5 $1 {[%mdl 512]} Rxd5 34. Rf1) 33... Nxe4 34. Bd1 {[#]} Qc3 (34... Qh1+ $142 $1 {[%mdl 512]} 35. Kxh1 Nxg3+ 36. Kg1 Re1#) 35. Rxd5 Rxd5 36. Ne3 Qe1+ 37. Kg2 Rd2 {Precision: White = 28%, Black = 50%.} 0-1

[Event "Teplice Open 2017"]
[Site "Teplice"]
[Date "2017.06.11"]
[Round "2"]
[White "Vanek, Tomas"]
[Black "Zanan, Evgeny"]
[Result "0-1"]
[WhiteElo "2177"]
[BlackElo "2442"]
[Annotator "TA"]
[PlyCount "46"]
[EventDate "2017.??.??"]
[EventCountry "CZE"]
[SourceTitle "playchess.com"]
[Source "ChessBase"]
[SourceQuality "1"]

{[%evp 9,46,11,21,13,14,-14,0,0,0,0,0,0,0,0,3,-97,-51,-58,0,-84,-77,-113,-77,-67,-37,-244,-251,-376,-386,-653,-646,-962,-904,-1754,-1788,-29980,-29980,-29990,-29991]} 1. e3 e5 2. c4 Nf6 3. Nc3 Bb4 4. Nge2 c6 5. a3 Ba5 6. b4 {A22: English Opening: 1...e5 2 Nc3 Nf6} Bc7 7. Qc2 (7. Bb2 O-O 8. Ng3 Re8 9. c5 d5 10. cxd6 Bxd6 11. Qc2 a5 12. b5 {0-1 (35) Aronian,L (2792)-Anand,V (2784) Zuerich 2016}) 7... O-O 8. Bb2 {The position is equal.} Re8 9. Ng3 $146 ({Predecessor:} 9. d4 e4 10. d5 a5 11. Ng3 axb4 12. axb4 Rxa1+ 13. Bxa1 {½-½ (58) Potkin,V (2647)-Georgiev,K (2636) Khanty-Mansiysk 2013}) 9... d5 10. cxd5 cxd5 11. Rc1 Nc6 12. Bb5 (12. Be2 $11) 12... Bd7 13. O-O Rc8 (13... h5 $15) 14. Qb1 (14. Qb3 $11) 14... h5 $17 15. Nge2 e4 {White must now prevent ...Bxh2+!} 16. f4 d4 {[%cal Bd5d4,Bd4c3,Bc3b2][%mdl 32]} (16... exf3 {looks sharper.} 17. Rxf3 d4 18. exd4 Bg4 19. Re3 Qd6) 17. Bxc6 $2 {[#]} (17. Na4 $15) 17... dxc3 $19 18. Bxd7 (18. Bxb7 $142 cxb2 19. Qxb2) 18... cxb2 19. Rxc7 $2 (19. Bxc8 bxc1=N 20. Rxc1 Qxc8 21. Qc2) 19... Rxc7 20. Bxe8 Qxd2 21. Ng3 Rc1 22. Bxf7+ Kxf7 23. Qa2+ Kf8 {Precision: White = 26%, Black = 63%.} 0-1

[Event "Teplice Open 2017"]
[Site "Teplice"]
[Date "2017.06.11"]
[Round "2"]
[White "Ni, Viktorija"]
[Black "Stachowiak, Kamil"]
[Result "1/2-1/2"]
[WhiteElo "2175"]
[BlackElo "2428"]
[Annotator "TA"]
[PlyCount "74"]
[EventDate "2017.??.??"]
[EventCountry "CZE"]
[SourceTitle "playchess.com"]
[Source "ChessBase"]
[SourceQuality "1"]

{[%evp 13,74,4,2,-9,-13,-14,-10,-21,-14,-34,8,-12,12,-26,-33,-25,-36,-20,-8,-31,-35,-45,-47,-52,-7,-10,0,-52,0,-50,0,-32,-20,-20,-14,-81,-61,-66,-56,-52,10,9,72,73,66,51,202,0,0,0,0,0,204,0,0,0,185,0,0,0,0,0,0]} 1. Nf3 d5 2. c4 e6 3. g3 Nf6 4. Bg2 Be7 5. O-O O-O 6. b3 a5 7. Bb2 a4 {LiveBook: 67 Games} 8. a3 {A14: English Opening: 1...e6 with b3 by White} (8. e3 Nbd7 9. Nc3 a3 10. Bc1 c6 11. Rb1 e5 12. d3 Re8 13. Qc2 Bb4 14. Bd2 Qa5 15. Ne2 e4 16. Bxb4 Qxb4 17. dxe4 dxe4 {0-1 (27) Shoker,S (2500)-Tregubov,P (2600) Paris 2015}) 8... axb3 9. Qxb3 Nbd7 10. d4 dxc4 $146 ({Predecessor:} 10... Nb6 11. Ne5 Na4 12. Nc3 dxc4 13. Nxc4 Nxb2 14. Nxb2 Ra6 15. Nc4 c6 {1-0 (46) Soar,T-Sivarajasingam,V (1644) Pencoed 2015}) 11. Qxc4 Nb6 (11... b5 $5 12. Qb3 Bb7 $11) 12. Qc2 Na4 13. Bc1 Bd7 14. Nc3 Nxc3 15. Qxc3 Bb5 16. Re1 (16. Qb2 $5 {[%cal Rb2b5]} Bc6 17. Bd2 $15) 16... Ra4 17. e4 c6 18. Bb2 Qb6 19. Ne5 Rd8 {[%cal Ra4d4]} 20. Qb3 (20. Qf3 $11) 20... Qa6 (20... Rdxd4 $15 21. Bxd4 Qxd4) 21. Bf3 Bf8 22. Kg2 Nd7 23. Nxd7 Rxd7 24. Bd1 (24. Qe3 $11) 24... c5 $1 $17 25. dxc5 Bc6 26. Bc2 Bxc5 ({Black should try} 26... Qc4 $15 27. Rac1 Qxb3 28. Bxb3 Rxe4 29. Rxe4 Bxe4+ 30. Kf1 Be7) 27. Rad1 $1 $11 {[%cal Rd1d7] Strongly threatening Rxd7.} Rxd1 ({Not} 27... Bxa3 $2 28. Rxd7 Bxd7 29. Rd1 $18) (27... Ra5 $11 {remains equal.}) 28. Rxd1 $16 Bf8 29. Rd8 {And now Qc3 would win.} Qc4 $2 (29... Rxe4 $14 30. Bxe4 Bxe4+ 31. Kg1 Qa5) 30. Qc3 $2 $40 {[%mdl 128] Black needs to defend precisely.} (30. Bc3 $1 $18) 30... Bxe4+ $11 31. Bxe4 Qxe4+ 32. Kg1 {[%csl Gb2][%cal Rc3g7]} Qb1+ $2 {[#]} (32... f6 $1 $11) 33. Kg2 $2 ({White must play} 33. Bc1 $1 $18 Qe4 34. Qc5 Qe1+ 35. Kg2 Qe4+ 36. Kf1 Qc4+ 37. Qxc4 Rxc4 38. Bd2) 33... Qe4+ 34. Kg1 {[%csl Gb2][%cal Rc3g7]} Qb1+ $2 {[#]} (34... f6 $11 {and Black has nothing to worry.}) 35. Kg2 $2 (35. Bc1 $1 $18 Qe4 36. Qc5 Qe1+ 37. Kg2 Qe4+ 38. Kf1 Qd3+ 39. Rxd3 Bxc5 40. Rd8+ Bf8 41. Bd2) 35... Qe4+ {The position is equal.} 36. f3 {[%csl Gb2][%cal Rc3g7]} Qe2+ 37. Kg1 {[%csl Gb2][%cal Rc3g7]} f6 {Precision: White = 43%, Black = 43%.} 1/2-1/2